Southville International School and Colleges
Your cart is empty.
  • Cart
  • Lists
    Public lists Eva Luna New books Lux_list list_1
    Your lists Log in to create your own lists
  • Log in to your account
  • Your cookies
  • Search history
Southville International School and Colleges
  • Advanced search
  • Recent comments
  • Most popular
  • Libraries

Log in to your account

Log in with GOOGLE


If you do not have an external account, but do have a local account, you can still log in:

  1. Home
  2. MARC view: Chronicle and Romance :
Normal view MARC view ISBD view

Chronicle and Romance : (Record no. 242929)

[ view plain ]
MARC details
000 -LEADER
fixed length control field 01117cam a22003133a 4500
001 - CONTROL NUMBER
control field 13674
003 - CONTROL NUMBER IDENTIFIER
control field PGUSA
005 - DATE AND TIME OF LATEST TRANSACTION
control field 20140828083307.0
008 - FIXED-LENGTH DATA ELEMENTS--GENERAL INFORMATION
fixed length control field 041008s2004||||xxu|||||s|||||000 | eng d
040 ## - CATALOGING SOURCE
Original cataloging agency PGUSA
Language of cataloging eng
042 ## - AUTHENTICATION CODE
Authentication code dc
050 #4 - LIBRARY OF CONGRESS CALL NUMBER
Classification number DA
245 10 - TITLE STATEMENT
Title Chronicle and Romance :
Remainder of title Froissart, Malory, Holinshed (The Harvard Classics Series)
Medium [electronic resource]
260 ## - PUBLICATION, DISTRIBUTION, ETC. (IMPRINT)
Name of publisher, distributor, etc Project Gutenberg,
Date of publication, distribution, etc 2004
505 0# - FORMATTED CONTENTS NOTE
Formatted contents note The Chronicles of Froissart -- The Holy Grail -- A Description of Elizabethan England.
506 ## - RESTRICTIONS ON ACCESS NOTE
Terms governing access Public domain in the USA.
516 ## - TYPE OF COMPUTER FILE OR DATA NOTE
Type of computer file or data note Electronic text
653 ## - INDEX TERM--UNCONTROLLED
Uncontrolled term Great Britain -- History -- Edward III, 1327-1377
653 ## - INDEX TERM--UNCONTROLLED
Uncontrolled term England -- Social life and customs -- 16th century
700 1# - ADDED ENTRY--PERSONAL NAME
Personal name Macaulay, G. C.
Fuller form of name (George Campbell),
Dates associated with a name 1852-1915
700 1# - ADDED ENTRY--PERSONAL NAME
Personal name Malory, Thomas,
Titles and other words associated with a name Sir,
Dates associated with a name 1400-1470
700 1# - ADDED ENTRY--PERSONAL NAME
Personal name Harrison, William,
Dates associated with a name 1534-1593
700 1# - ADDED ENTRY--PERSONAL NAME
Personal name Berners, John Bourchier,
Titles and other words associated with a name Lord,
Dates associated with a name 1466-1533
700 1# - ADDED ENTRY--PERSONAL NAME
Personal name Caxton, William,
Dates associated with a name -1491
700 1# - ADDED ENTRY--PERSONAL NAME
Personal name Froissart, Jean
830 #0 - SERIES ADDED ENTRY--UNIFORM TITLE
Uniform title Project Gutenberg
Volume number/sequential designation 13674
856 40 - ELECTRONIC LOCATION AND ACCESS
Uniform Resource Identifier <a href="http://www.gutenberg.org/ebooks/13674">http://www.gutenberg.org/ebooks/13674</a>
942 ## - ADDED ENTRY ELEMENTS (KOHA)
Koha item type eBooks
Holdings
Withdrawn status Lost status Damaged status Home library Current library Date acquired Total Checkouts Date last seen Price effective from Koha item type
      Project Gutenberg Project Gutenberg 08/28/2014   08/28/2014 08/28/2014 eBooks

Chronicle and Romance :

APA

Macaulay G. C., Malory T., Harrison W., Berners J. B., Caxton W. & Froissart J. (2004). Chronicle and Romance. : Project Gutenberg.

Chicago

Macaulay G C, Malory Thomas, Harrison William, Berners John Bourchier, Caxton William and Froissart Jean. 2004. Chronicle and Romance. : Project Gutenberg.

Harvard

Macaulay G. C., Malory T., Harrison W., Berners J. B., Caxton W. and Froissart J. (2004). Chronicle and Romance. : Project Gutenberg.

MLA

Macaulay G C, Malory Thomas, Harrison William, Berners John Bourchier, Caxton William and Froissart Jean. Chronicle and Romance. : Project Gutenberg. 2004.

  • Place hold
  • Print
  • Cite
  • Add to your cart (remove)
  • Save record
    BIBTEX Dublin Core MARCXML MARC (non-Unicode/MARC-8) MARC (Unicode/UTF-8) MARC (Unicode/UTF-8, Standard) MODS (XML) RIS
  • More searches
    Search for this title in:
    Other Libraries (WorldCat) Other Databases (Google Scholar) Online Stores (Bookfinder.com) Open Library (openlibrary.org)

Exporting to Dublin Core...

SOUTHVILLE LIBRARY

Southville International School and Colleges Library

1281 Tropical Ave. Cor. Luxembourg St., BF Homes International, Las Pinas City

Tel. No. 8256374 / 252358 Loc. 117/146

Powered by Koha